Winter <3 - Statystyki

Ogólne statystyki
  • Ten quiz został rozwiązany 37 razy
  • Średni wynik to 25 z 80
Statystyki odpowiedzi
Kraj Stolica % Poprawnych
Brazylia Brasilia
100%
USA Waszyngton
100%
Meksyk Meksyk
100%
Kanada Ottawa
100%
Argentyna Buenos Aires
83%
Egipt Kair
83%
Japonia Tokio
58%
Izrael Jerozolima
50%
Bośnia i Hercegowina Sarajewo
50%
Holandia Amsterdam
42%
Turcja Ankara
42%
Australia Canberra
42%
Irlandia Dublin
42%
Finlandia Helsinki
42%
Indie Nowe Delhi
42%
Czarnogóra Podgorica
42%
Łotwa Ryga
42%
Korea Południowa Seul
42%
Bułgaria Sofia
42%
Estonia Tallin
42%
Tunezja Tunis
42%
Chorwacja Zagrzeb
42%
Andora Andora
33%
Grecja Ateny
33%
Niemcy Berlin
33%
Belgia Bruksela
33%
Dania Kopenhaga
33%
Hiszpania Madryt
33%
Białoruś Mińsk
33%
Monako Monako
33%
Norwegia Oslo
33%
Francja Paryż
33%
Czechy Praga
33%
Islandia Reykjavik
33%
Iran Teheran
33%
Polska Warszawa
33%
Austria Wiedeń
33%
Litwa Wilno
33%
Kazachstan Astana
25%
Chiny Beijing
25%
Afganistan Kabul
25%
Mołdawia Kiszyniów
25%
Luksemburg Luksemburg
25%
San Marino San Marino
25%
Macedonia Północna Skopje
25%
Albania Tirana
25%
Liechtenstein Vaduz
25%
Malta Valletta
25%
Nowa Zelandia Wellington
25%
Azerbejdżan Baku
17%
Tajlandia Bangkok
17%
Serbia Belgrad
17%
Rumunia Bukareszt
17%
Syria Damaszek
17%
Indonezja Dżakarta
17%
Armenia Erywań
17%
Wietnam Hanoi
17%
Portugalia Lizbona
17%
Rosja Moskwa
17%
Korea Północna Pjongjang
17%
RPA Pretoria
17%
Kosowo Prisztina
17%
Gruzja Tbilisi
17%
Nigeria Abudża
8%
Irak Bagdad
8%
Szwajcaria Berno
8%
Słowacja Bratysława
8%
Węgry Budapeszt
8%
Sudan Chartum
8%
Bangladesz Dhaka
8%
Sudan Południowy Dżuba
8%
Pakistan Islamabad
8%
Ukraina Kijów
8%
Wielka Brytania Londyn
8%
Słowenia Lublana
8%
Filipiny Manila
8%
Arabia Saudyjska Rijad
8%
Włochy Rzym
8%
Szwecja Sztokholm
8%
Watykan Watykan
8%
Nie znaleziono quizów pasujących do podanych kryteriów
Rozkład punktacji
Procent ludzi z każdym wynikiem
Percentyl według liczby udzielonych odpowiedzi
Twoja historia wyników
Nie rozwiązałeś tego quizu